Geography Quiz

Random Geography or State Quiz

States bigger than north dakota Quiz Stats

 Plays Quiz not verified by Sporcle

Support Sporcle.
Go Orange.
Score 0/18 Timer 03:00
0 Plays Today
Hint Answer % Correct
Alaska
88.9%
Texas
88.9%
Montana
88.9%
California
88.9%
New Mexico
88.9%
South Dakota
88.9%
Arizona
83.3%
Nevada
83.3%
Colorado
83.3%
Hint Answer % Correct
Washington
83.3%
Oregon
77.8%
Wyoming
77.8%
Minnesota
77.8%
Utah
77.8%
Idaho
77.8%
Kansas
77.8%
Nebraska
72.2%
Michigan
55.6%

You're not logged in!

Compare scores with friends on all Sporcle quizzes.
OR
Log In

From the Vault

Names That End in 'ING' II

by betraisefold

I must say, I really regret that we didn't work Gary Shandling into this quiz somehow.
Remove Ads.
Support Sporcle.
Get the best of Sporcle when you Go Orange. This ad-free experience offers more features, more stats, and more fun while also helping to support Sporcle. Thank you for becoming a member.

Show Comments

Extras

Created Feb 14, 2018ReportNominate
Tags:State Quiz, Bigger, North Dakota

Top Quizzes Today


Score Distribution

Your Account Isn't Verified!

In order to create a playlist on Sporcle, you need to verify the email address you used during registration. Go to your Sporcle Settings to finish the process.

Report this User

Report this user for behavior that violates our Community Guidelines.

Details: